Urban regeneration

সংরক্ষণ করুন:
গ্রন্থ-পঞ্জীর বিবরন
প্রধান লেখক: SINGH, Anoop Kumar
বিন্যাস: গ্রন্থ
ভাষা:ইংরেজি
প্রকাশিত: Ishwar Books 2019
ট্যাগগুলো: ট্যাগ যুক্ত করুন
কোনো ট্যাগ নেই, প্রথমজন হিসাবে ট্যাগ করুন!

MARC

LEADER 00000nam a22000007a 4500
008 240220b |||||||| |||| 00| 0 eng d
020 |a 9789386806253 
100 |a SINGH, Anoop Kumar 
245 |a Urban regeneration  |c / Anoop Kumar Singh  |g v, 336p 
260 |b Ishwar Books  |c 2019  |h New Delhi  |i 700293  |i 700294  |l HT170.Si6  |m Urban renewal-India  |m City planning 
500 |a it includes references and index 
942 |a lcc  |c BK  |e Johnson  |f 20//2/24 
952 |0 0  |1 0  |2 lcc  |4 0  |6 HT0170 S I6  |7 0  |9 4848  |a SSL  |b HOL  |c GJ  |d 2024-02-20  |l 0  |o HT170.Si6  |p 2024-0101  |r 2024-02-20 00:00:00  |t 700293  |w 2024-02-20  |y BK 
952 |0 0  |1 0  |2 lcc  |4 0  |6 HT0170 S I6  |7 0  |9 4849  |a HOL  |b HOL  |c GJ  |d 2024-02-20  |l 0  |o HT170.Si6  |p 2024-0102  |r 2024-02-20 00:00:00  |t 700294  |w 2024-02-20  |y BK 
999 |c 2418  |d 2418